| 000 | 02018nam a2200385 i 4500 | ||
|---|---|---|---|
| 001 | 000004482 | ||
| 003 | DO-SdBNP | ||
| 005 | 20250717134009.0 | ||
| 007 | ta | ||
| 008 | 090723s2008 dr a 001 0 spa d | ||
| 020 | _a9789945161892 | ||
| 040 |
_aDO-SdBNP _bspa _cBNPHU _erda |
||
| 041 | _aspa | ||
| 082 | 4 |
_a923.2 _bL193h _222 |
|
| 100 | 1 |
_aHamlet, Hermann, _d1934-2016 _eautor _4aut. _936649 |
|
| 245 | 1 | 3 |
_aEl fiero : _bEberto Lalane José / _cHamlet Hermann ; prólogo, Federico Lalane José. |
| 250 | _aPrimera edición | ||
| 264 |
_aSanto Domingo, República Dominicana : _bEditora Búho, _c2008. |
||
| 300 |
_a151 páginas : _bilustraciones, retratos ; _c27 cm. |
||
| 336 |
_atexto _btxt _2rdacontent |
||
| 337 |
_asin mediación _bn _2rdamedia |
||
| 338 |
_avolumen _bnc _2rdacarrier |
||
| 500 | _aIncluye referencias bibliográficas y notas al pie de las páginas | ||
| 504 | _aBibliografía: páginas147 | ||
| 505 | 0 | _aPrólogo -- Introducción xv -- Agradecimientos xix -- 1963: pascuas sangrientas -- 1964: comienza una nueva vida -- 1967: el primer encuentro -- 1968: los tropezones no hicieron levantar los pies -- 1968: entrevista con José Francisco Peña Gómez -- 1968: estructura vertical vs. base horizontal -- 1969: relato de un viaje clandestino a Santo Domingo -- 1969: de nuevo, empezar desde cero -- 1969: el amor aflora -- 1969: la Maldición de Sísifo -- 1971: de frustración en frustración -- 1973: repatriación -- 1973: la guerrilla actúa -- Anexos -- Bibliografía -- Índice onomástico. | |
| 590 | _aInventariado, 2025 /LP | ||
| 600 | 1 | 4 |
_aLalane José, Eberto Geordano, _d1945-1973 _913106 |
| 600 | 1 | 4 |
_aCaamaño Deñó, Francisco Alberto, _d1932-1973 _910026 |
| 651 | 0 |
_aRepública Dominicana _xPolítica y gobierno _945 |
|
| 651 | 4 |
_aRepública Dominicana _xHistoria _9170 |
|
| 651 | 4 |
_aRepública Dominicana _yRevolución, 1965 _913107 |
|
| 700 | 1 |
_aLalane José, Federico, _eprologuista _913108 _4pr. |
|
| 910 | _aValidado. Control de calidad MFF | ||
| 942 |
_2ddc _cLBS1 |
||
| 999 |
_c4291 _d4291 |
||